| 000 | 00900 a2200289 4500 | ||
|---|---|---|---|
| 650 |
_991922 _aTeaching |
||
| 999 |
_c200130134 _d30912 |
||
| 001 | 200130134 | ||
| 003 | TR-AnTOB | ||
| 005 | 20200303112127.0 | ||
| 008 | 130730s2013 tu 000 0 | ||
| 020 | _a9756802065 | ||
| 040 |
_aTR-AnTOB _cTR-AnTOB |
||
| 041 | _atur | ||
| 050 | 0 | 0 |
_aLB1027 _b.D46 2000 |
| 090 | _aLB1027 .D46 2000 | ||
| 100 | 1 |
_aDemirel, Özcan _eauthor _99525 |
|
| 245 | 1 | 0 |
_aÖğretme sanatı : _bplanlamadan değerlendirmeye. |
| 264 | 1 |
_aAnkara : _bPegem A Yayınları, _c2000. |
|
| 300 |
_aiii, 307 pages : _btables. _c13 cm |
||
| 500 | _aAt head of title : Planlamadan değerlendirmeye | ||
| 504 | _aIncludes bibliographical references and index. | ||
| 650 |
_aLesson planning _991920 |
||
| 650 |
_aActivity programs in education _991921 |
||
| 740 | _aPlanlamadan değerlendirmeye öğretme sanatı. | ||
| 942 |
_cBK _2lcc |
||